Paesi che contengono una lettera - U - Statistics

Statistiche generali
  • Questo quiz è stato fatto 594 volte
  • Il punteggio medio è 42 su 59
Statistiche sulle risposte
Categoria Paese % Corretto
3 x U Uruguay
87%
1 x U Russia
86%
1 x U Uganda
86%
1 x U Uzbekistan
85%
1 x U Turchia
84%
1 x U Australia
82%
1 x U Guinea
82%
1 x U Ungheria
82%
1 x U Stati Uniti
81%
1 x U Bielorussia
78%
2 x U Guinea-Bissau
78%
2 x U Guinea Equatoriale
78%
1 x U Paraguay
78%
1 x U Sudan
78%
2 x U Tuvalu
78%
1 x U Austria
77%
2 x U Burundi
77%
1 x U Ucraina
77%
1 x U Turkmenistan
76%
2 x U Lussemburgo
75%
1 x U Nuova Zelanda
75%
2 x U Sud Sudan
75%
1 x U Ruanda
74%
1 x U Bulgaria
73%
1 x U Cuba
73%
1 x U Palau
73%
3 x U Papua Nuova Guinea
73%
2 x U Vanuatu
73%
1 x U Bhutan
72%
1 x U Ecuador
72%
1 x U Repubblica Dominicana
72%
1 x U Corea del Sud
71%
1 x U Guyana
71%
1 x U Repubblica Centrafricana
71%
1 x U Repubblica del Congo
71%
1 x U Repubblica Democratica del Congo
71%
1 x U Perù
70%
1 x U Sudafrica
70%
1 x U Tunisia
70%
1 x U Honduras
69%
1 x U Regno Unito
69%
1 x U Repubblica Ceca
69%
2 x U Nauru
66%
1 x U Venezuela
66%
2 x U Mauritius
65%
1 x U Arabia Saudita
64%
1 x U Guatemala
64%
1 x U Mauritania
64%
1 x U Suriname
64%
2 x U Antigua e Barbuda
63%
1 x U Brunei
63%
1 x U Emirati Arabi Uniti
63%
1 x U Nicaragua
61%
1 x U Lituania
60%
1 x U Burkina Faso
58%
1 x U Gibuti
55%
1 x U Kuwait
53%
1 x U Santa Lucia
51%
1 x U Camerun
50%
Nessun quiz corrispondente trovato
Distribuzione punteggi
Percentuale di utenti per punteggio
Percentile per numero di risposta
I tuoi punteggi nel tempo
Non hai fatto questo quiz